Dibujos con tinta. (Record no. 6030)

MARC details
000 -CABECERA
campo de control de longitud fija 00780nam a2200217 a 4500
001 - NÚMERO DE CONTROL
campo de control BRCA_6344
005 - FECHA Y HORA DE LA ÚLTIMA TRANSACCIÓN
campo de control 20190320205423.0
008 - DATOS DE LONGITUD FIJA--INFORMACIÓN GENERAL
campo de control de longitud fija 160811m17761778mx-a######---#000-0#spa-#
041 ## - CÓDIGO DE LENGUA
Código de lengua del texto/banda sonora o título independiente spa
050 #4 - SIGNATURA TOPOGRÁFICA DE LA BIBLIOTECA DEL CONGRESO
Número de documento/Ítem L46 1776
100 1# - ENTRADA PRINCIPAL--NOMBRE DE PERSONA
Nombre de persona León, José Antonio de
9 (RLIN) 15906
245 10 - MENCIÓN DE TÍTULO
Título Dibujos con tinta.
260 ## - PUBLICACIÓN, DISTRIBUCIÓN, ETC.
Lugar de publicación, distribución, etc. México
Fecha de publicación, distribución, etc. 1776-1778
300 ## - DESCRIPCIÓN FÍSICA
Extensión 3 dibujos
Dimensiones 34 cm.
500 ## - NOTA GENERAL
Nota general CC14
505 0# - NOTA DE CONTENIDO CON FORMATO
Nota de contenido con formato Contenido: Representación de San Lucas, abril 3, 1778. Nº asignado por Franz Mayer W70. -- San Marcos. Nº asignado por Franz Mayer W71. -- El Gloriocissimo San Francisco de Sales, 23 marzo, 1776. Nº asignado por Franz Mayer W72.
650 14 - PUNTO DE ACCESO ADICIONAL DE MATERIA--TÉRMINO DE MATERIA
Término de materia o nombre geográfico como elemento de entrada Dibujos religiosos
Subdivisión geográfica México
9 (RLIN) 15907
650 14 - PUNTO DE ACCESO ADICIONAL DE MATERIA--TÉRMINO DE MATERIA
Término de materia o nombre geográfico como elemento de entrada Retratos religiosos con tinta
Subdivisión geográfica México
9 (RLIN) 15908
902 ## - CATALOGADOR
Iniciales GFM
942 ## - ELEMENTOS DE PUNTO DE ACCESO ADICIONAL (KOHA)
Fuente del sistema de clasificación o colocación Library of Congress Classification
Tipo de ítem Koha Libros
Holdings
Estado de retiro Estado de pérdida Estado dañado No para préstamo Localización permanente Ubicación/localización actual Fecha de adquisición Número de inventario Total de préstamos Signatura topográfica completa Código de barras Fecha visto por última vez Precio válido a partir de Tipo de ítem Koha
El ejemplar forma parte de la colección y puede ser consultado según las políticas vigentes.       Biblioteca del Museo Franz Mayer (Rogerio Casas-Alatriste) Biblioteca del Museo Franz Mayer (Rogerio Casas-Alatriste) 16/08/2011 CC14   L46 1776 (CC14) 6791 22/03/2019 22/03/2019 Libros